000 01273nam a2200313 a 4500
001 BRCA_5009
005 20190320204912.0
008 291010s1748----mx-#######---#000-0#spa-#
041 _aspa
044 _amx
084 _aDOC73
_b.A44
_c1748
100 1 _aAleca de Guzmán, Antonio
_912776
245 1 0 _aDocumento firmado por Don Antonio Aleca de Guzmán
_cAntonio Aleca de Guzmán.
260 _aMéxico
_c1748
300 _a{2} fojas
_c31 x 21 cm.
500 _aDocumento que contiene la memoria de los gastos hechos en la víspera de la festividad de Corpus Christi.
500 _aLa segunda foja mide 11 x 16 cm. y esta firmada por Don Tomás José de Aranda.
500 _aContiene la leyenda DOC.# 233.
500 _aPapel con marca de agua.
500 _aEstado de conservación : tiene los márgenes deteriorados.
506 0 _aFondo Reservado. Para su consulta es necesario credencial de usuario y carta de motivos.
546 _aTexto en : español de mediados del siglo XVIII.
600 1 4 _aAleca de Guzmán, Antonio
_xHistoria
_912777
650 1 4 _aFestividades religiosas
_vManuscritos
_zMéxico
_912778
651 4 _aMéxico
_xHistoria
_yColonia, 1521-1821
_912461
700 1 _aAranda, Tomás José de
_912779
902 _aFDH
942 _2lcc
_cD
999 _c4703
_d4703